Ekonomické aspekty vybraných prírodných zdrojov vo svetovom hospodárstve
Charakteristika vybraných obnoviteľných zdrojov energie, najmä slnečnej energie a ich efektívne využitie na zlepšenie životného prostredia. Investičné priority a program na podporu využívania obnoviteľných zdrojov na Slovensku.
Salvato in:
| Autore principale: | |
|---|---|
| Natura: | Capitolo di libro |
| Lingua: | slovacco |
| Soggetti: | |
| Tags: |
Nessun Tag, puoi essere il primo ad aggiungerne!!
|
MARC
| LEADER | 00000nla a2200000 4500 | ||
|---|---|---|---|
| 001 | 0239050 | ||
| 005 | 20240417075131.1 | ||
| 041 | 0 | |a slo | |
| 044 | |a SK | ||
| 245 | 1 | 0 | |a Ekonomické aspekty vybraných prírodných zdrojov vo svetovom hospodárstve |c Lucia Andrejková |
| 520 | |a Charakteristika vybraných obnoviteľných zdrojov energie, najmä slnečnej energie a ich efektívne využitie na zlepšenie životného prostredia. Investičné priority a program na podporu využívania obnoviteľných zdrojov na Slovensku. | ||
| 610 | 2 | 0 | |a zdroje prírodné |
| 610 | 2 | 0 | |a hospodárstvo svetové |
| 610 | 2 | 0 | |a prostredie životné |
| 610 | 2 | 0 | |a energia slnečná |
| 610 | 2 | 0 | |a projekty investičné |
| 610 | 2 | 0 | |a Slovensko |
| 100 | 1 | |a Andrejková, Lucia | |